Ako porozumieť deťom a adolescentom

Gespeichert in:
Bibliographische Detailangaben
1. Verfasser: Walton, Francis X.
Format: Buch
Sprache:Slowakisch
Veröffentlicht: Bratislava Slovenská adlerovská spoločnosť 2008
Schlagworte:
Tags: Tag hinzufügen
Keine Tags, Fügen Sie das erste Tag hinzu!

MARC

LEADER 00000nam a2200000 4500
001 0182769
005 20240314092842.1
020 |a 978-80-970089-0-1 
041 0 |a slo 
044 |a SK 
245 1 0 |a Ako porozumieť deťom a adolescentom  |c Francis X. Walton 
264 1 |a Bratislava  |b Slovenská adlerovská spoločnosť  |c 2008 
300 |a 64 s. 
610 2 0 |a deti 
610 2 0 |a mládež 
610 2 0 |a výchova 
610 2 0 |a psychológia 
610 2 0 |a učitelia 
610 2 0 |a rodina 
100 1 |a Walton, Francis X.